| 000 | 01885nam a2200325 i 4500 | ||
|---|---|---|---|
| 001 | 768714001 | ||
| 003 | CO-MdFUSB | ||
| 005 | 20211203145749.0 | ||
| 007 | ta | ||
| 008 | 210512t2020 ck |||| |||| 00| 0 spa d | ||
| 020 | _a9781950417025 | ||
| 040 |
_aCO-MdFUSB _bspa _cCO-MdFUSB _dCO-MdFUSBC _erda |
||
| 041 | _aspa | ||
| 082 |
_223 _a220.67 _bD686 |
||
| 100 |
_aDonner, Theo G. _d1955 _eautor |
||
| 245 |
_aReflexiones en torno a la historia de la exégesis _c/ Theo G. Donner |
||
| 264 | 1 |
_aColombia : _bAcadémica 21, _c[2020] |
|
| 264 | 4 | _c© 2020 | |
| 300 |
_a986 páginas _c; 24 cm |
||
| 336 |
_2rdacontent _atexto _btxt |
||
| 337 |
_2rdamedia _asin mediación _bn |
||
| 338 |
_2rdacarrier _avolumen _bnc |
||
| 504 | _aReferencias bibliográficas (páginas 927-944) | ||
| 505 | _aIntroducción. -- La exégesis rabínica. -- La interpretación pesher del Qumrán. -- Filón de Alejandría. -- El uso del Antiguo Testamento en el Nuevo. -- Carta de Bernabé. -- Justino Mártir. --Orígenes de Alejandría. -- Antítesis y síntesis. -- La interpretación bíblica en la Edad Media. -- La Reforma Protestante y la exégesis. -- La Crítica Bíblica: nomenclatura y protagonistas. -- Espinosa y el surgimiento de la Crítica Bíblica. -- Deístas, ilustración y crítica Bíblica. -- El camino a una nueva ortodoxia: una visión interdisciplinaria. -- El método histórico-crítico y el estudio del Pentateuco. -- La hipótesis documentaria y el estudio del Antiguo Testamento en el siglo XX. -- Los escribas y la composición del Antiguo Testamento: variaciones sobre un tema. -- El debate en torno al Jesús histórico. -- El Jesús histórico en el siglo XX. -- Fe y crítica: el compromiso doble. -- Reflexiones finales. | ||
| 563 | _aRústico | ||
| 650 | 7 |
_9528 _aBiblia _xHistoria y crítica |
|
| 653 | _aExégesis -- Historia. | ||
| 942 | _cREF | ||
| 945 | _aJTF-925 | ||
| 999 |
_c66740 _d66740 |
||